000 00633nam a2200205 i 4500
001 23939
003 ES-MaACL
005 20230906152948.0
007 t|
008 021213s1967 sp ||||1| cat d
100 1 _aAndrade, E. N. da C.
_921507
245 1 0 _aFísica d'avui /
_cE. N. da C. Andrade ; traducció: Nuria Fullá de Duñach.
260 _a[Barcelona] :
_bTeide,
_c[1967]
300 _a124 p. :
_bil. ;
_c19 cm.
490 1 _aColleció qué cal saber
700 1 _aFullá de Duñach, Nuria.
_952996
830 0 _aColleció qué cal saber
_9229061
852 _aES-MaACL
_jC-32644
_bR.63343
999 _c23939
_d23939